000 00308nam a2200145Ia 4500
008 240510s9999 xx 000 0 und d
041 _aEng
082 _a005.2
082 _bNS
245 0 _aNEC computer terminal
260 _bJapan : NEC corporation
260 _c1988
942 _2ddc
942 _cLBK
999 _c24207
_d24207
945 _a1
_bMadushi Gamage
_c1
_dMadushi Gamage